[Event "Staufer op 23rd"]
[Site "Leinzell"]
[Date "2011.01.02"]
[Round "1"]
[White "Huynh, Nhi Lang"]
[Black "Gheng, Josef"]
[Result "1/2-1/2"]
[WhiteElo "1886"]
[BlackElo "2335"]
[PlyCount "148"]
[EventDate "2011.01.02"]
[EventType "swiss"]
[EventRounds "9"]
[EventCountry "GER"]
[SourceTitle "CBM 140 Extra"]
[Source "ChessBase"]
[SourceDate "2011.03.01"]
[SourceVersion "1"]
[SourceVersionDate "2011.03.01"]
[SourceQuality "1"]

1. d4 Nf6 2. Nf3 g6 3. c4 Bg7 4. Nc3 d5 5. g3 0-0 6. Bg2 dxc4 7. Ne5 Nc6 8. Nxc6 bxc6 9. Bxc6 Rb8 10. Bg2 Nd7 11. 0-0 Nb6 12. d5 Bb7 13. e4 c6 14. Bf4 Rc8 15. d6 e5 16. Be3 c5 17. Na4 Nxa4 18. Qxa4 Qxd6 19. Qxa7 Rc7 20. Rfd1 Qe7 21. Qa4 Qe6 22. Rac1 Ba6 23. Qa5 Rfc8 24. Rd8+ Rxd8 25. Qxc7 Re8 26. Qa5 Bf8 27. Rd1 Kg7 28. Bh3 Qxh3 29. Qxa6 Qg4 30. Rd2 c3 31. bxc3 Rb8 32. Qd3 Kg8 33. Kg2 h5 34. h3 Qc8 35. Qd5 Qc7 36. Bg5 Bg7 37. Bd8 Qa7 38. Bg5 Qa4 39. c4 Rb4 40. Qxc5 Rxc4 41. Rd8+ Kh7 42. Qd5 Rd4 43. Qxf7 Rxd8 44. Bxd8 Qxe4+ 45. Kh2 Qd4 46. Bg5 e4 47. a4 h4 48. gxh4 e3 49. Bxe3 Qxa4 50. h5 gxh5 51. Qxh5+ Kg8 52. Qg6 Kh8 53. Qf5 Qc4 54. Kg3 Kg8 55. h4 Qf1 56. Qd5+ Kh7 57. h5 Qg1+ 58. Qg2 Be5+ 59. Kh3 Qb1 60. Qf3 Qf1+ 61. Kg4 Qc4+ 62. Kg5 Qg8+ 63. Kh4 Qc4+ 64. Qg4 Qd3 65. Qg5 Qe4+ 66. Qg4 Bf6+ 67. Kg3 Be5+ 68. Bf4 Bg7 69. Qd7 Kg8 70. h6 Bf6 71. f3 Qe1+ 72. Kg2 Qe2+ 73. Kg3 Qe1+ 74. Kg2 Qe2+ 1/2-1/2

[Event "Stuttgart-chA int"]
[Site "Ditzingen"]
[Date "2010.05.13"]
[Round "1"]
[White "Huynh, Nhi Lang"]
[Black "Bluma, Marcel"]
[Result "1/2-1/2"]
[WhiteElo "1869"]
[BlackElo "2095"]
[PlyCount "51"]
[EventDate "2010.05.13"]
[EventType "swiss"]
[EventRounds "7"]
[EventCountry "GER"]
[SourceTitle "EXT 2018"]
[Source "ChessBase"]
[SourceDate "2017.10.13"]
[SourceVersion "1"]
[SourceVersionDate "2017.10.13"]
[SourceQuality "1"]

1. d4 Nf6 2. Nf3 e6 3. c4 d5 4. Nc3 Be7 5. g3 0-0 6. cxd5 exd5 7. Bg2 c6 8. 0-0 Bf5 9. Nh4 Bg4 10. Qc2 Qc8 11. Re1 Bh3 12. Bf3 c5 13. dxc5 Bxc5 14. Bg5 Ng4 15. Bxg4 Bxg4 16. Rac1 h6 17. Bd2 Qd8 18. Nb5 Bd6 19. Nf5 Bxf5 20. Qxf5 a6 21. Nxd6 Qxd6 22. Bf4 Qe6 23. Qd3 Nc6 24. Rc5 Rad8 25. a3 Rd7 26. Rec1 1/2-1/2

[Event "GER-chT U20"]
[Site "Arendsee"]
[Date "2008.12.28"]
[Round "4.5"]
[White "Huynh, Nhi Lang"]
[Black "Strathoff, Martin"]
[Result "0-1"]
[WhiteElo "1692"]
[BlackElo "1922"]
[PlyCount "110"]
[EventDate "2008.12.27"]
[EventType "team-swiss"]
[EventRounds "7"]
[EventCountry "GER"]
[SourceTitle "CBM 128 Extra"]
[Source "ChessBase"]
[SourceDate "2009.03.05"]
[SourceVersion "2"]
[SourceVersionDate "2009.03.25"]
[SourceQuality "1"]
[WhiteTeam "Heilbronn"]
[BlackTeam "Brackel"]
[WhiteTeamCountry "GER"]
[BlackTeamCountry "GER"]

1. d4 d5 2. c4 e6 3. Nf3 Nf6 4. Nc3 Be7 5. Bf4 c6 6. Qc2 0-0 7. e3 Nbd7 8. a3 a6 9. h3 dxc4 10. Bxc4 b5 11. Bd3 c5 12. dxc5 Nxc5 13. Be2 Bb7 14. 0-0 Rc8 15. Rfd1 Qb6 16. Ne5 Nce4 17. Bf3 Nxc3 18. Bxb7 Qxb7 19. bxc3 Nd5 20. Qe4 Qc7 21. Ng6 Nxf4 22. Nxf8 Bxf8 23. exf4 Qxc3 24. Qb7 Rc6 25. Rab1 Qc2 26. Kh2 Qe4 27. Qb8 h6 28. Rb4 Qc2 29. Rd8 Qc5 30. Rbd4 Kh7 31. R4d7 Be7 32. Rh8+ Kg6 33. Qb7 Qc1 34. Rd1 Qxd1 35. Qxc6 Bd6 36. g3 Bxa3 37. g4 Bd6 38. Ra8 Bxf4+ 39. Kg2 b4 40. Rxa6 b3 41. Qb7 b2 42. Rb6 Be5 43. Rb5 Bd4 44. Rxb2 Bxb2 45. Qxb2 Qd5+ 46. f3 Qd3 47. Qe5 Qd2+ 48. Kg3 Qd5 49. Qf4 f5 50. h4 Kf6 51. g5+ Kg6 52. gxh6 gxh6 53. Qb8 Qd7 54. Kh3 Qe7 55. Qf4 Qf6 0-1

[Event "GER-ch U25 op"]
[Site "Willingen"]
[Date "2008.05.17"]
[Round "9"]
[White "Seyrich, Maximilian"]
[Black "Huynh, Nhi Lang"]
[Result "1-0"]
[WhiteElo "1943"]
[BlackElo "1778"]
[PlyCount "67"]
[EventDate "2008.05.11"]
[EventType "swiss"]
[EventRounds "9"]
[EventCountry "GER"]
[SourceTitle "CBM 124 Extra"]
[Source "ChessBase"]
[SourceDate "2008.07.03"]
[SourceVersion "1"]
[SourceVersionDate "2008.07.03"]
[SourceQuality "1"]

1. d4 Nf6 2. c4 e6 3. Nc3 Bb4 4. Qc2 0-0 5. Nf3 c5 6. dxc5 Bxc5 7. Bg5 Be7 8. e3 b6 9. Bd3 h6 10. Bf4 Bb7 11. e4 Na6 12. Rd1 Nb4 13. Qe2 Nxd3+ 14. Qxd3 Bb4 15. e5 Ne4 16. Bd2 Nxd2 17. Rxd2 Qb8 18. a3 Bxc3 19. Qxc3 Qc7 20. 0-0 Bxf3 21. Qxf3 Qxe5 22. Rxd7 Rad8 23. Rxa7 Qxb2 24. Qb7 Qd4 25. g3 Rc8 26. Rb1 Rxc4 27. Kg2 Rc2 28. Qf3 Rc3 29. Rd1 Qc5 30. Qf4 Rxa3 31. Rc7 Qa5 32. Rd8 Kh7 33. Qe4+ Kg8 34. Rcc8 1-0

[Event "GER-ch U25 op"]
[Site "Willingen"]
[Date "2008.05.15"]
[Round "7"]
[White "Huynh, Nhi Lang"]
[Black "Lang, Stephan"]
[Result "1-0"]
[WhiteElo "1778"]
[BlackElo "1451"]
[PlyCount "67"]
[EventDate "2008.05.11"]
[EventType "swiss"]
[EventRounds "9"]
[EventCountry "GER"]
[SourceTitle "CBM 124 Extra"]
[Source "ChessBase"]
[SourceDate "2008.07.03"]
[SourceVersion "1"]
[SourceVersionDate "2008.07.03"]
[SourceQuality "1"]

1. d4 d5 2. c4 Nf6 3. Nc3 e6 4. Nf3 Bb4 5. Bg5 0-0 6. e3 h6 7. Bh4 Nbd7 8. Qc2 c5 9. cxd5 Bxc3+ 10. Qxc3 Nxd5 11. Bxd8 Nxc3 12. Be7 Re8 13. Bxc5 Na4 14. Ba3 Rd8 15. Rc1 Nf6 16. Be2 Bd7 17. Ne5 Rac8 18. 0-0 a6 19. Nxd7 Nxd7 20. Bf3 b5 21. h3 a5 22. b4 Rc3 23. Rxc3 Nxc3 24. bxa5 Nxa2 25. a6 Nb6 26. Bc5 Na8 27. Rb1 Nc3 28. Rb3 Nd5 29. Rxb5 Nac7 30. Ra5 Ra8 31. a7 Ne8 32. Rb5 Nec7 33. Rb8+ Rxb8 34. axb8Q+ 1-0

[Event "GER-ch U25 op"]
[Site "Willingen"]
[Date "2008.05.13"]
[Round "5"]
[White "Hinz, Arne"]
[Black "Huynh, Nhi Lang"]
[Result "1-0"]
[WhiteElo "1965"]
[BlackElo "1778"]
[PlyCount "51"]
[EventDate "2008.05.11"]
[EventType "swiss"]
[EventRounds "9"]
[EventCountry "GER"]
[SourceTitle "CBM 124 Extra"]
[Source "ChessBase"]
[SourceDate "2008.07.03"]
[SourceVersion "1"]
[SourceVersionDate "2008.07.03"]
[SourceQuality "1"]

1. e4 c5 2. Nc3 Nc6 3. f4 d6 4. Nf3 e6 5. Be2 g6 6. 0-0 Bg7 7. d3 Nge7 8. Qe1 0-0 9. Bd1 Nd4 10. Ne2 Nxe2+ 11. Bxe2 Nc6 12. c3 b5 13. Bd2 Rb8 14. Qf2 f5 15. e5 dxe5 16. Qxc5 Qd5 17. Qxd5 exd5 18. fxe5 Nxe5 19. Nxe5 Bxe5 20. d4 Bg7 21. Bf4 Rb6 22. Bf3 Bb7 23. Rfe1 Kf7 24. Be5 Re8 25. Bxg7 Kxg7 26. Rxe8 1-0

[Event "GER-ch U25 op"]
[Site "Willingen"]
[Date "2008.05.13"]
[Round "4"]
[White "Huynh, Nhi Lang"]
[Black "Schwarzat, Julian"]
[Result "1/2-1/2"]
[WhiteElo "1778"]
[BlackElo "1963"]
[PlyCount "50"]
[EventDate "2008.05.11"]
[EventType "swiss"]
[EventRounds "9"]
[EventCountry "GER"]
[SourceTitle "CBM 124 Extra"]
[Source "ChessBase"]
[SourceDate "2008.07.03"]
[SourceVersion "1"]
[SourceVersionDate "2008.07.03"]
[SourceQuality "1"]

1. d4 Nf6 2. c4 e6 3. Nc3 Bb4 4. Qc2 c5 5. dxc5 Bxc5 6. Nf3 Nc6 7. Bg5 h6 8. Bh4 0-0 9. e3 b6 10. a3 a5 11. Be2 Ne7 12. Bxf6 gxf6 13. Ne4 Ng6 14. h4 f5 15. Nxc5 bxc5 16. h5 Ne7 17. e4 Bb7 18. exf5 Nxf5 19. Bd3 Nd4 20. Nxd4 cxd4 21. Rh3 Qf6 22. Rg3+ Kh8 23. Qd2 Bc6 24. Bg6 Kg7 25. Be4+ Kh8 1/2-1/2

[Event "Stuttgart-chB int"]
[Site "Ditzingen"]
[Date "2008.05.03"]
[Round "6"]
[White "Huynh, Nhi Lang"]
[Black "Alke, Erhard"]
[Result "1/2-1/2"]
[WhiteElo "1730"]
[BlackElo "1741"]
[PlyCount "46"]
[EventDate "2008.05.01"]
[EventType "swiss"]
[EventRounds "7"]
[EventCountry "GER"]
[SourceTitle "EXT 2018"]
[Source "ChessBase"]
[SourceDate "2017.10.13"]
[SourceVersion "1"]
[SourceVersionDate "2017.10.13"]
[SourceQuality "1"]

1. d4 Nf6 2. c4 c6 3. Nc3 d5 4. cxd5 cxd5 5. Nf3 Nc6 6. Bf4 Bf5 7. e3 h6 8. Bb5 a6 9. Bxc6+ bxc6 10. 0-0 Rc8 11. h3 e6 12. Qe2 Qa5 13. Rac1 Bb4 14. Ne5 Nd7 15. a3 Bxc3 16. Rxc3 Nxe5 17. Bxe5 Qb5 18. Qxb5 axb5 19. Rfc1 Kd7 20. g4 Be4 21. Bxg7 Rh7 22. Bf6 h5 23. g5 h4 1/2-1/2

[Event "Stuttgart-chB int"]
[Site "Ditzingen"]
[Date "2008.05.03"]
[Round "5"]
[White "Wendland, Viktor"]
[Black "Huynh, Nhi Lang"]
[Result "0-1"]
[WhiteElo "1469"]
[BlackElo "1730"]
[PlyCount "84"]
[EventDate "2008.05.01"]
[EventType "swiss"]
[EventRounds "7"]
[EventCountry "GER"]
[SourceTitle "EXT 2018"]
[Source "ChessBase"]
[SourceDate "2017.10.13"]
[SourceVersion "1"]
[SourceVersionDate "2017.10.13"]
[SourceQuality "1"]

1. d4 Nf6 2. c4 e6 3. Nc3 Bb4 4. Qc2 b6 5. f3 Bxc3+ 6. bxc3 d5 7. cxd5 exd5 8. Ba3 Nbd7 9. e4 dxe4 10. fxe4 Bb7 11. Bd3 c5 12. d5 Qe7 13. c4 0-0 14. Nf3 Rfe8 15. Nd2 Ne5 16. 0-0 Nfg4 17. Rae1 Qg5 18. Nf3 Qh6 19. g3 Ne3 20. Qd2 Nxf1 21. Qxh6 Nxf3+ 22. Kxf1 gxh6 23. Re2 Ne5 24. Bc2 Nxc4 25. Bc1 Ba6 26. Bd3 Kg7 27. Bf4 f6 28. g4 b5 29. Kf2 Ne5 30. Bxe5 Rxe5 31. Kg3 c4 32. Bc2 Rd8 33. Rd2 Rd6 34. Kf4 h5 35. h3 hxg4 36. hxg4 Bc8 37. Bd1 h6 38. a3 a5 39. Rc2 Rd7 40. Be2 Rde7 41. Bf3 Ba6 42. Ke3 Rxd5 0-1

[Event "Stuttgart-chB int"]
[Site "Ditzingen"]
[Date "2008.05.01"]
[Round "3"]
[White "Carlacci, Umberto"]
[Black "Huynh, Nhi Lang"]
[Result "0-1"]
[WhiteElo "1551"]
[BlackElo "1730"]
[PlyCount "72"]
[EventDate "2008.05.01"]
[EventType "swiss"]
[EventRounds "7"]
[EventCountry "GER"]
[SourceTitle "EXT 2018"]
[Source "ChessBase"]
[SourceDate "2017.10.13"]
[SourceVersion "1"]
[SourceVersionDate "2017.10.13"]
[SourceQuality "1"]

1. d4 Nf6 2. Nf3 d5 3. e3 Bg4 4. c4 e6 5. Qb3 Bxf3 6. gxf3 Qc8 7. Nc3 c6 8. Bh3 Nbd7 9. e4 dxc4 10. Qxc4 Nb6 11. Qb3 Qd8 12. Be3 Be7 13. Rd1 0-0 14. Rg1 Kh8 15. Qc2 Nc4 16. Bc1 Qa5 17. Rg5 b5 18. a3 Rad8 19. b4 Nxa3 20. Qb3 Bxb4 21. Bb2 Nc4 22. Ra1 Bxc3+ 23. Bxc3 Qc7 24. Bg2 a5 25. Rd1 h6 26. Rc5 Qxh2 27. Bf1 Qf4 28. Rxc6 Qxf3 29. Bxc4 Nxe4 30. Qc2 Nxc3 31. Bxb5 Nxd1 32. Qxd1 Qe4+ 33. Qe2 Qxd4 34. Rc1 Rd5 35. Kf1 Re5 36. Qc4 Qxc4+ 0-1

[Event "GER-ch op U25"]
[Site "Willingen"]
[Date "2006.06.09"]
[Round "9"]
[White "Holle, Eric"]
[Black "Huynh, Nhi Lang"]
[Result "0-1"]
[WhiteElo "878"]
[BlackElo "1464"]
[PlyCount "48"]
[EventDate "2006.06.04"]
[EventType "swiss"]
[EventRounds "9"]
[EventCountry "GER"]
[SourceTitle "EXT 2007"]
[Source "ChessBase"]
[SourceDate "2006.11.23"]
[SourceVersion "1"]
[SourceVersionDate "2006.11.23"]
[SourceQuality "1"]

1. e4 c5 2. Nf3 Nc6 3. d4 cxd4 4. Nxd4 g6 5. Nc3 Bg7 6. Be3 Nf6 7. Bc4 a6 8. a3 0-0 9. 0-0 b5 10. Bb3 Bb7 11. Qe2 Nxd4 12. Bxd4 Nxe4 13. Nxe4 Bxd4 14. c3 Bg7 15. Rad1 d6 16. Bd5 Qc7 17. Rfe1 Rad8 18. Ng5 Bxd5 19. Rxd5 e6 20. Rd3 d5 21. Nxe6 fxe6 22. Qxe6+ Qf7 23. Qxa6 Qxf2+ 24. Kh1 Qxe1# 0-1

[Event "GER-ch op U25"]
[Site "Willingen"]
[Date "2006.06.05"]
[Round "4"]
[White "Huynh, Nhi Lang"]
[Black "Bauer, Hermann"]
[Result "1-0"]
[WhiteElo "1464"]
[BlackElo "1022"]
[PlyCount "47"]
[EventDate "2006.06.04"]
[EventType "swiss"]
[EventRounds "9"]
[EventCountry "GER"]
[SourceTitle "EXT 2007"]
[Source "ChessBase"]
[SourceDate "2006.11.23"]
[SourceVersion "1"]
[SourceVersionDate "2006.11.23"]
[SourceQuality "1"]

1. c4 g6 2. Nc3 Bg7 3. g3 d6 4. Bg2 Nc6 5. Nf3 e6 6. 0-0 Nge7 7. d4 0-0 8. Bg5 Qe8 9. Qd2 Rb8 10. Ne4 f5 11. Nc3 a6 12. Bh6 Rf7 13. e4 Qf8 14. Bxg7 Qxg7 15. Rac1 b5 16. cxb5 fxe4 17. Nxe4 Rxf3 18. Bxf3 Rxb5 19. Bg2 Nxd4 20. Rxc7 Rxb2 21. Qg5 Ndf5 22. Nxd6 Kf8 23. Rxc8+ Nxc8 24. Qd8# 1-0

[Event "GER-ch op U25"]
[Site "Willingen"]
[Date "2006.06.04"]
[Round "2"]
[White "Huynh, Nhi Lang"]
[Black "Tiemann, Tobias"]
[Result "1-0"]
[WhiteElo "1464"]
[BlackElo "989"]
[PlyCount "111"]
[EventDate "2006.06.04"]
[EventType "swiss"]
[EventRounds "9"]
[EventCountry "GER"]
[SourceTitle "EXT 2007"]
[Source "ChessBase"]
[SourceDate "2006.11.23"]
[SourceVersion "1"]
[SourceVersionDate "2006.11.23"]
[SourceQuality "1"]

1. c4 e5 2. Nc3 Nf6 3. g3 Bc5 4. d3 Nc6 5. Bg5 h6 6. Bd2 0-0 7. Bg2 d6 8. Qc1 Kh7 9. Ne4 Nxe4 10. Bxe4+ f5 11. Bg2 Qf6 12. e3 Bd7 13. Ne2 Rab8 14. Bc3 Bb4 15. 0-0 a6 16. Bxc6 Bxc3 17. Bxd7 Ba5 18. Ba4 b5 19. cxb5 axb5 20. Bc2 Qg5 21. Rb1 Rf6 22. d4 Rbf8 23. dxe5 dxe5 24. b4 Bb6 25. Bd3 c6 26. Qc3 e4 27. Bc2 Kh8 28. Qe5 Qg4 29. Nf4 R6f7 30. h4 Bc7 31. Qxc7 Rxc7 32. Bd1 Qxf4 33. exf4 Rg8 34. Bb3 Re8 35. Rfe1 Rce7 36. Rbd1 Kh7 37. f3 exf3 38. Rxe7 Rxe7 39. Kf2 Re4 40. Rd6 Rxb4 41. Rxc6 Rd4 42. Rc5 g5 43. Rxf5 g4 44. Rxb5 Rd2+ 45. Kf1 Rg2 46. f5 Kg7 47. Rb7+ Kf6 48. Rf7+ Ke5 49. f6 Kf5 50. Rf8 Rd2 51. f7 Rd7 52. Rh8 Rxf7 53. Bxf7 Ke4 54. Rxh6 Ke3 55. Re6+ Kd4 56. h5 1-0

[Event "GER-ch op U25"]
[Site "Willingen"]
[Date "2006.06.04"]
[Round "3"]
[White "Jorczik, Andreas Carlos"]
[Black "Huynh, Nhi Lang"]
[Result "1-0"]
[WhiteElo "1867"]
[BlackElo "1464"]
[PlyCount "101"]
[EventDate "2006.06.04"]
[EventType "swiss"]
[EventRounds "9"]
[EventCountry "GER"]
[SourceTitle "EXT 2007"]
[Source "ChessBase"]
[SourceDate "2006.11.23"]
[SourceVersion "1"]
[SourceVersionDate "2006.11.23"]
[SourceQuality "1"]

1. d4 f5 2. c4 e6 3. Nf3 Nf6 4. Bg5 Be7 5. Nc3 b6 6. Bxf6 Bxf6 7. e4 fxe4 8. Nxe4 Bb7 9. Qc2 0-0 10. Bd3 h6 11. b4 c5 12. bxc5 bxc5 13. Nxf6+ Qxf6 14. Ne5 Re8 15. Be4 Bc6 16. Bxc6 Nxc6 17. Nxd7 Qxd4 18. Rd1 Qg4 19. 0-0 Nd4 20. Qd3 Red8 21. f3 Qf4 22. Nxc5 Qe5 23. Ne4 Rd7 24. Rfe1 Rad8 25. Ng3 Nxf3+ 26. Qxf3 Rxd1 27. Rxd1 Rxd1+ 28. Qxd1 Qc5+ 29. Kf1 Qxc4+ 30. Qe2 Qf4+ 31. Kg1 Qc1+ 32. Nf1 Qc5+ 33. Qe3 Qb6 34. Qxb6 axb6 35. Kf2 Kf7 36. Ke3 Kf6 37. Ke4 g5 38. a4 h5 39. Nd2 h4 40. Nc4 g4 41. Nxb6 e5 42. a5 g3 43. h3 Ke6 44. a6 Kd6 45. a7 Kc6 46. a8Q+ Kxb6 47. Qd5 Ka7 48. Qb5 Ka8 49. Kd5 e4 50. Kc6 e3 51. Qb7# 1-0

[Event "GER-ch U25"]
[Site "Willingen"]
[Date "2005.05.21"]
[Round "9"]
[White "Huynh, Nhi Lang"]
[Black "Hinz, Arne"]
[Result "0-1"]
[WhiteElo "1241"]
[BlackElo "1679"]
[PlyCount "94"]
[EventDate "2005.05.14"]
[EventType "swiss"]
[EventRounds "9"]
[EventCountry "GER"]
[SourceTitle "CBM 106 Extra"]
[Source "ChessBase"]
[SourceDate "2005.07.01"]
[SourceVersion "1"]
[SourceVersionDate "2005.07.01"]
[SourceQuality "1"]

1. e4 e5 2. Nf3 Nf6 3. Nc3 Nc6 4. Bb5 d6 5. 0-0 Be7 6. d4 exd4 7. Nxd4 Bd7 8. Nxc6 Bxc6 9. Bxc6+ bxc6 10. Qf3 0-0 11. Rd1 Nd7 12. Qg4 Ne5 13. Qh3 Qd7 14. Qxd7 Nxd7 15. Bf4 Rab8 16. Rab1 Bf6 17. Na4 Rb4 18. b3 Rxe4 19. Be3 c5 20. c4 Rfe8 21. Rbc1 Bd4 22. Nc3 Bxe3 23. Nxe4 Bxc1 24. Nxd6 cxd6 25. Rxc1 Re2 26. Ra1 f6 27. Kf1 Re4 28. f3 Rd4 29. Ke2 Kf7 30. Ke3 a5 31. a4 Ne5 32. Ra2 Rd3+ 33. Kf4 Rxb3 34. Ke4 Nxc4 35. Kd5 Ra3 36. Rxa3 Nxa3 37. Kxd6 c4 38. Kc5 c3 39. Kb6 Nc4+ 40. Kb5 c2 41. Kxc4 c1Q+ 42. Kb5 Qc3 43. Ka6 Qb4 44. Ka7 Ke7 45. g4 Kd7 46. h4 Kc7 47. Ka8 Qb7# 0-1

[Event "GER-ch U25"]
[Site "Willingen"]
[Date "2005.05.15"]
[Round "3"]
[White "Nitsche Hahn, Raphael"]
[Black "Huynh, Nhi Lang"]
[Result "0-1"]
[WhiteElo "1086"]
[BlackElo "1241"]
[PlyCount "72"]
[EventDate "2005.05.14"]
[EventType "swiss"]
[EventRounds "9"]
[EventCountry "GER"]
[SourceTitle "CBM 106 Extra"]
[Source "ChessBase"]
[SourceDate "2005.07.01"]
[SourceVersion "1"]
[SourceVersionDate "2005.07.01"]
[SourceQuality "1"]

1. d4 d5 2. c4 e6 3. Nf3 Nf6 4. e3 Bb4+ 5. Bd2 Bxd2+ 6. Nbxd2 0-0 7. Bd3 Re8 8. 0-0 c6 9. Rc1 Nbd7 10. b4 e5 11. cxd5 e4 12. Nxe4 Nxe4 13. dxc6 bxc6 14. Rxc6 Bb7 15. Rc2 Nb6 16. Ne5 Qg5 17. Nf3 Qg4 18. Ne5 Qxd1 19. Rxd1 Nf6 20. Bc4 Bd5 21. Bxd5 Nbxd5 22. a3 Rac8 23. Rdc1 Rxc2 24. Rxc2 Rb8 25. g3 h6 26. Nc6 Rc8 27. e4 Nxe4 28. Re2 Rxc6 29. Rxe4 Rd6 30. Re8+ Kh7 31. Ra8 Ra6 32. b5 Rxa3 33. Rd8 Nb6 34. d5 Ra5 35. d6 Rxb5 36. d7 Rd5 0-1